Rovnováha v oligopolistickej trhovej štruktúre

Trhové štruktúry a firmy pôsobiace na trhu. Oligopolistický trh a teória hier. Cenové vodcovstvo. Simultánne stanovenie ceny (Bertrandova rovnováha). Množstevné vodcovstvo (Stackelbergova rovnováha). Simultánne stanovenie množstva (Courtonova rovnováha). Kooperácia (kartel). Praktický príklad všetk...

Descripción completa

Guardado en:
Detalles Bibliográficos
Autor principal: Mikušová, Nora, 1978-
Formato: Capítulo de libro
Lenguaje:eslovaco
Materias:
Etiquetas: Agregar Etiqueta
Sin Etiquetas, Sea el primero en etiquetar este registro!

MARC

LEADER 00000nla$a2200000$$$4500
001 0076356
005 20240613072506.1
041 0 |a slo 
044 |a SK 
245 1 0 |a Rovnováha v oligopolistickej trhovej štruktúre  |c Nora Mikušová 
520 |a Trhové štruktúry a firmy pôsobiace na trhu. Oligopolistický trh a teória hier. Cenové vodcovstvo. Simultánne stanovenie ceny (Bertrandova rovnováha). Množstevné vodcovstvo (Stackelbergova rovnováha). Simultánne stanovenie množstva (Courtonova rovnováha). Kooperácia (kartel). Praktický príklad všetkých spomenutých typov rovnováh pre dva podniky. 
610 2 0 |a trh 
610 2 0 |a oligopoly 
610 2 0 |a monopoly 
610 2 0 |a kartely 
610 2 0 |a konkurencia 
610 2 0 |a rovnováha 
610 2 0 |a dopyt 
610 2 0 |a náklady 
610 2 0 |a vodcovstvo 
610 2 0 |a zisk 
610 2 0 |a teória hier 
100 1 |a Mikušová, Nora, 1978-